000 01617nam a22003977a 4500
003 CHAP
005 20220329143459.0
008 100115s2009 mx r 00010 spa d
010 _a97291
011 _a98263
035 _a108947
040 _cCHAP
090 _aTesis
100 1 _aFlores Flores, Jhony Angel
_941523
245 1 0 _aAlelopatía de extractos de semilla de avena silvestre (Avena fatua L.) y Alpiste (Phalaris minor Retz), sobre la germinación de trigo (triticum aestivum L.) en laboratorio en Chapingo, Mex.
_c/por Jhony Angel Flores Flores
260 _aChapingo, Méx. :
_bEl autor,
_c2009
300 _aii, 31 h. :
_bcuadros, gráfs.
502 _aTesis (Ing. Agr. Esp. en Parasitología Agrícola) -- Departamento de Parasitología Agrícola
530 _aTambién disponible en línea
590 _aALEPH
_b10
_c20130110
_lUCH01
_h1531
590 _aBATCH-UPD
_b10
_c20130110
_lUCH01
_h1413
590 _aBATCH-UPD
_b10
_c20130410
_lUCH01
_h0859
590 _aBATCH-UPD
_b10
_c20130914
_lUCH01
_h0436
590 _aBATCH-UPD
_b10
_c20140324
_lUCH01
_h1514
590 _aBATCH-UPD
_b10
_c20141002
_lUCH01
_h0841
590 _aCONVERSION
_b10
_c20130109
_lUCH01
_h1354
650 1 4 _aAlelopatia.
_93761
650 1 4 _aAvena fatua.
_98557
650 1 4 _aExtractos vegetales.
_939214
650 1 4 _aTrigo
_xGerminación.
_9115031
856 _3Finding aid
_uhttp://10.13.5.2/tesis/108947.pdf
_zTeclea aqui
901 _aBK
942 _cFOLL
949 _aTesis
_bBC
_cTES
_d33724002128801
_eTS1
_gdonaciØn
_h49879
_i108947
_sb
949 _atesis
_bBC
_cTES
_d33724002129579
_eTS2
_fc.2
_gDonaciØn
_h49880
_i108947
_sb
999 _c97291
_d97291